Words with only one Vowel: E - Statistics

General Stats
  • This quiz has been taken 1,214 times
    1,198 since last reset
  • The average score is 9 of 20
Answer Stats
Hint Answer % Correct
Turn water into ice Freeze
91%
The two days after Friday Weekend
81%
Shape of the moon, often Crescent
71%
Information kept to oneself Secret
68%
A light and pleasant wind Breeze
65%
Maker of necklaces and earrings Jeweller
64%
Person who tends sheep Shepherd
61%
Used to make concrete Cement
51%
Go down Descend
51%
Dog shelter Kennel
51%
Meat, or complaint Beef
42%
Most verdant Greenest
33%
Steal or misappropriate money Embezzle
31%
Continue in the face of difficulty Persevere
31%
Prevents overflow of a river Levee
29%
Most sharply rising Steepest
24%
Knotted, baked bread Pretzel
22%
Rooks, pawns, bishops etc Chessmen
16%
Most smart, intellectually Cleverest
15%
Group of musicians or actors Ensemble
11%
No matching quizzes found
Score Distribution
Percent of People with Each Score
Percentile by Number Answered
Your Score History
You have not taken this quiz since the last reset